00358nam a22001337a 4500020001500000082002300015100001700038245004200055250001200097260003800109300003200147526003700179650000800216 a034015179X a669.02462bHIGcD. a|Higgins R.A aengineering metallurgy cR. A Higgins a2nd ed. aLondon : bThe English university axii, 467 p, :bill,c18 cm. a0b0c0d669_024620000000000_HIG aMCE